Diseño de un sistema de gestión ambiental en Firestone de Costa Rica S.A
Guardat en:
| Autor principal: | |
|---|---|
| Altres autors: | , |
| Format: | Llibre |
| Publicat: |
San José, C.R.
1997
|
| Matèries: | |
| Etiquetes: |
Afegir etiqueta
Sense etiquetes, Sigues el primer a etiquetar aquest registre!
|
MARC
| LEADER | 00000nam a2200000Ia 4500 | ||
|---|---|---|---|
| 003 | 008366 | ||
| 005 | 20221231144228.0 | ||
| 008 | 140114s1997 cr a m 000 ||s d | ||
| 040 | |c cru CEDI | ||
| 090 | |a TFG 3769 | ||
| 100 | |a Alvarado, Andrés |9 9297 | ||
| 245 | |a Diseño de un sistema de gestión ambiental en Firestone de Costa Rica S.A | ||
| 260 | |c 1997 |a San José, C.R. | ||
| 300 | |a xvii, [280] hojas : ilustraciones | ||
| 500 | |a Proyecto de graduación (licenciatura en ingeniería industrial)--Universidad de Costa Rica. Facultad de Ingeniería. Escuela de Ingeniería Industrial | ||
| 650 | |x BRIDGESTONE FIRESTONE DE COSTA RICA |x EVALUACION DEL IMPACTO AMBIENTAL |x SEGURIDAD INDUSTRIAL - COSTA RICA |9 9299 | ||
| 700 | |9 9298 |a Matarrita Taylor, Otto | ||
| 700 | |9 9300 |a Sánchez Mora, Laura | ||
| 942 | |c TFG | ||
| 999 | |c 18752 |d 18752 | ||
